000
00278nam a2200085Ia 4500
245
0
_a
The art of metal & wire : over 30 inspirational projects and ideas
100
_a
WILSON, Janet Tunbridge Wells, 2003
_9
102833
942
_c
BK
008
210818s9999 xx 000 0 und d
999
_c
449467
_d
449466